[Event "Mecklenburg VP LL2 Ost 1617"]
[Site "Mecklenburg VP"]
[Date "2017.04.02"]
[Round "8.6"]
[White "Reeps, Rickert"]
[Black "Hasenberg, Harald"]
[Result "1-0"]
[WhiteElo "1696"]
[BlackElo "1558"]
[PlyCount "69"]
[EventDate "2016.10.16"]
[EventType "team-tourn"]
[EventRounds "9"]
[EventCountry "GER"]
[SourceTitle "EXT 2022"]
[Source "ChessBase"]
[SourceDate "2021.10.06"]
[SourceVersion "1"]
[SourceVersionDate "2021.10.06"]
[SourceQuality "1"]
[WhiteTeam "Waren Malchow"]
[BlackTeam "Rostock SSC 07 III"]
[WhiteTeamCountry "GER"]
[BlackTeamCountry "GER"]

1. d4 g6 2. Nf3 Bg7 3. e3 Nf6 4. Bd3 0-0 5. 0-0 b6 6. b3 Bb7 7. Bb2 Ne4 8. c4 f5 9. Nbd2 e6 10. Qc2 d5 11. Rac1 Na6 12. Ba3 c5 13. Be2 Rc8 14. Rfd1 Rf7 15. Qb1 Rfc7 16. Bb2 g5 17. Ne5 g4 18. Nxe4 Bxe5 19. dxe5 fxe4 20. Bxg4 Qg5 21. Bxe6+ Kf8 22. cxd5 Rg7 23. Qxe4 Ke7 24. Bh3 Rcg8 25. Qf4 Qh5 26. Qf6+ Ke8 27. Qe6+ Kf8 28. Qd6+ Re7 29. Qd8+ Re8 30. Qf6+ Qf7 31. Qxf7+ Kxf7 32. e6+ Kf8 33. Rc4 Nb4 34. Rf4+ Ke7 35. Rf7+ 1-0

[Event "Mecklenburg VP LL2 Ost 1516"]
[Site "Mecklenburg VP"]
[Date "2015.09.20"]
[Round "1.8"]
[White "Scheel, Manfred"]
[Black "Hasenberg, Harald"]
[Result "1-0"]
[WhiteElo "1592"]
[BlackElo "1599"]
[PlyCount "70"]
[EventDate "2015.09.20"]
[EventType "team-tourn"]
[EventRounds "9"]
[EventCountry "GER"]
[SourceTitle "EXT 2022"]
[Source "ChessBase"]
[SourceDate "2021.10.06"]
[SourceVersion "1"]
[SourceVersionDate "2021.10.06"]
[SourceQuality "1"]
[WhiteTeam "Bergen Rugia"]
[BlackTeam "Rostock SSC 07 III"]
[WhiteTeamCountry "GER"]
[BlackTeamCountry "GER"]

1. e4 g6 2. Nf3 Bg7 3. Bc4 e6 4. 0-0 Ne7 5. d4 d5 6. exd5 exd5 7. Bb3 0-0 8. Bg5 f6 9. Bf4 Bg4 10. h3 Be6 11. Re1 Bf7 12. Qe2 Nbc6 13. c3 Qd7 14. Na3 a6 15. Nc2 h6 16. h4 Rae8 17. Ne3 Nf5 18. Qd2 g5 19. hxg5 hxg5 20. Nxf5 Qxf5 21. Bxc7 g4 22. Nh4 Qh5 23. g3 Bh6 24. Bf4 Bg5 25. Kg2 Bxh4 26. Rh1 Qh7 27. Bc2 Bg6 28. Rxh4 Be4+ 29. Bxe4 Qxe4+ 30. Kg1 f5 31. Bd6 Rf6 32. Qg5+ Kf7 33. Rh7+ Ke6 34. Qg7 Rd8 35. Be5 Qxe5 1-0

[Event "Mecklenburg VP LL2 West 1314"]
[Site "Mecklenburg VP"]
[Date "2013.12.15"]
[Round "4.7"]
[White "Koester, Klaus Dieter"]
[Black "Hasenberg, Harald"]
[Result "1-0"]
[WhiteElo "1741"]
[BlackElo "1654"]
[PlyCount "75"]
[EventDate "2013.10.27"]
[EventType "team-tourn"]
[EventRounds "9"]
[EventCountry "GER"]
[SourceTitle "EXT 2022"]
[Source "ChessBase"]
[SourceDate "2021.10.06"]
[SourceVersion "1"]
[SourceVersionDate "2021.10.06"]
[SourceQuality "1"]
[WhiteTeam "Ludwigslust Post SV II"]
[BlackTeam "Rostock SSC 07 III"]
[WhiteTeamCountry "GER"]
[BlackTeamCountry "GER"]

1. e4 g6 2. d4 Bg7 3. Nf3 d6 4. Bf4 Nf6 5. Nbd2 0-0 6. c3 Nh5 7. Be3 f5 8. exf5 Bxf5 9. Be2 Nf6 10. h4 Nd5 11. Bc4 c6 12. h5 e6 13. Bg5 Bf6 14. Bh6 Rf7 15. hxg6 hxg6 16. Qe2 g5 17. g3 Rh7 18. 0-0-0 g4 19. Nh4 Bxh4 20. Rxh4 Qf6 21. Rdh1 Qg6 22. Ne4 Rd7 23. Bd3 Na6 24. Rh5 Kf7 25. Bg5 Rg8 26. Rh6 Bxe4 27. Rxg6 Rxg6 28. Bxe4 Rxg5 29. Rh7+ Ke8 30. Rh8+ Ke7 31. Bxd5 cxd5 32. Qe3 Rg7 33. Qh6 Kf7 34. Qh5+ Kf6 35. Rh6+ Ke7 36. Qh4+ Kf7 37. Qf6+ Kg8 38. Qxe6+ 1-0

[Event "Mecklenburg VP LL2 West 1213"]
[Site "Mecklenburg VP"]
[Date "2013.04.28"]
[Round "9.8"]
[White "Hung, Doan Manh"]
[Black "Hasenberg, Harald"]
[Result "1/2-1/2"]
[WhiteElo "1057"]
[BlackElo "1685"]
[PlyCount "73"]
[EventDate "2012.10.14"]
[EventType "team-tourn"]
[EventRounds "9"]
[EventCountry "GER"]
[SourceTitle "EXT 2022"]
[Source "ChessBase"]
[SourceDate "2021.10.06"]
[SourceVersion "1"]
[SourceVersionDate "2021.10.06"]
[SourceQuality "1"]
[WhiteTeam "Wismar ASV Gruen-Weiss II"]
[BlackTeam "Rostock SSC 07 III"]
[WhiteTeamCountry "GER"]
[BlackTeamCountry "GER"]

1. e4 g6 2. d4 Bg7 3. Nf3 d6 4. Nc3 Nd7 5. Be3 Ngf6 6. Bd3 c5 7. dxc5 Nxc5 8. Bxc5 dxc5 9. e5 Ng4 10. Bb5+ Bd7 11. Bxd7+ Qxd7 12. Qxd7+ Kxd7 13. Rd1+ Ke6 14. Ne4 b6 15. Nfg5+ Kf5 16. f4 h6 17. Ng3+ Kxf4 18. Nxf7 Ne3 19. Nxh8 Bxh8 20. Rd2 Bxe5 21. c3 Kg4 22. Nf1 Nc4 23. Re2 Bf6 24. Ne3+ Nxe3 25. Rxe3 Rd8 26. Re4+ Kf5 27. Re3 Bh4+ 28. g3 Bg5 29. 0-0+ Kg4 30. Re4+ Kh3 31. Ree1 Rd3 32. Rd1 Re3 33. Rde1 Rd3 34. Re6 Rd2 35. Rf2 Rd1+ 36. Rf1 Rd2 37. Rf2 1/2-1/2

[Event "Mecklenburg VP LL2 Ost 0910"]
[Site "Mecklenburg VP"]
[Date "2010.02.28"]
[Round "7.6"]
[White "Hasenberg, Harald"]
[Black "Pfueller, Volker"]
[Result "1-0"]
[WhiteElo "1643"]
[BlackElo "1584"]
[PlyCount "59"]
[EventDate "2009.10.18"]
[EventType "team-tourn"]
[EventRounds "9"]
[EventCountry "GER"]
[SourceTitle "EXT 2016"]
[Source "ChessBase"]
[SourceDate "2015.10.08"]
[SourceVersion "1"]
[SourceVersionDate "2015.10.08"]
[SourceQuality "1"]
[WhiteTeam "Rostock SSC 07 III"]
[BlackTeam "Pasewalk"]
[WhiteTeamCountry "GER"]
[BlackTeamCountry "GER"]

1. d4 f5 2. Nc3 Nf6 3. e4 fxe4 4. f3 d5 5. Be2 g6 6. g4 Bg7 7. g5 Ng8 8. Be3 Bf5 9. Qd2 Nc6 10. fxe4 dxe4 11. 0-0-0 Qd7 12. d5 Ne5 13. Bf4 a6 14. Kb1 Nf7 15. Qe3 Nd6 16. h4 h5 17. Nh3 e5 18. dxe6 Qxe6 19. Nd5 Rc8 20. Nxc7+ Rxc7 21. Rxd6 Qc8 22. Rhd1 Rd7 23. Rxd7 Bxd7 24. Qxe4+ Ne7 25. Bd6 Qd8 26. Bxe7 Qxe7 27. Qxg6+ Kf8 28. Rf1+ Kg8 29. Bc4+ Be6 30. Bxe6+ 1-0

[Event "Rostock op"]
[Site "Rostock"]
[Date "2008.08.28"]
[Round "2"]
[White "Bardosch, Karl"]
[Black "Hasenberg, Harald"]
[Result "0-1"]
[WhiteElo "1183"]
[BlackElo "1678"]
[PlyCount "34"]
[EventDate "2008.08.28"]
[EventType "swiss"]
[EventRounds "7"]
[EventCountry "GER"]
[SourceTitle "CBM 126 Extra"]
[Source "ChessBase"]
[SourceDate "2008.11.05"]
[SourceVersion "1"]
[SourceVersionDate "2008.11.05"]
[SourceQuality "1"]

1. e4 g6 2. d4 Bg7 3. Bc4 d6 4. Be3 Nf6 5. Nd2 0-0 6. f4 Ng4 7. Qe2 c5 8. Nb3 Nc6 9. Nf3 Nb4 10. Bd3 Nxe3 11. Qxe3 c4 12. Qd2 Nxd3+ 13. cxd3 cxb3 14. axb3 Qb6 15. Qc3 Bg4 16. 0-0 Bxf3 17. Rxf3 Bxd4+ 0-1

[Event "Mecklenburg VP LL2 Ost 0102"]
[Site "Mecklenburg VP"]
[Date "2002.02.24"]
[Round "6.5"]
[White "Hasenberg, Harald"]
[Black "Mann, Guenter"]
[Result "1-0"]
[WhiteElo "1749"]
[BlackElo "1806"]
[PlyCount "77"]
[EventDate "2001.10.07"]
[EventType "team-tourn"]
[EventRounds "9"]
[EventCountry "GER"]
[SourceTitle "EXT 2003"]
[Source "ChessBase"]
[SourceDate "2002.11.25"]
[SourceVersion "1"]
[SourceVersionDate "2002.11.25"]
[SourceQuality "1"]
[WhiteTeam "Rostock PSV II"]
[BlackTeam "Neubrandenburg SG Eintracht II"]
[WhiteTeamCountry "GER"]
[BlackTeamCountry "GER"]

1. d4 e6 2. c4 d5 3. g3 Nf6 4. Bg2 c6 5. Nf3 Bd6 6. 0-0 0-0 7. Nc3 Nbd7 8. e4 Nxe4 9. Nxe4 dxe4 10. Ng5 Nf6 11. Re1 Bb4 12. Re2 e5 13. Nxe4 Qxd4 14. Qb3 Be6 15. Qxb4 Qxc4 16. Qxc4 Bxc4 17. Nxf6+ gxf6 18. Re4 Be6 19. Bh6 Rfd8 20. Rae1 Rd4 21. a3 Rad8 22. Be3 Rxe4 23. Bxe4 f5 24. Bg2 b6 25. Bxc6 Rc8 26. Rc1 Kg7 27. b4 Rd8 28. Bb5 Bd5 29. Rd1 Kf6 30. Bc6 Ke6 31. Bxd5+ Rxd5 32. Rxd5 Kxd5 33. a4 Kc4 34. a5 Kxb4 35. axb6 axb6 36. Bxb6 Kc4 37. Kg2 Kd3 38. Kf3 Kc4 39. g4 1-0